<?xml version="1.0" encoding="UTF-8"?><?xml-stylesheet type="text/xsl" href="static/style.xsl"?><OAI-PMH xmlns="http://www.openarchives.org/OAI/2.0/" xmlns:xsi="http://www.w3.org/2001/XMLSchema-instance" xsi:schemaLocation="http://www.openarchives.org/OAI/2.0/ http://www.openarchives.org/OAI/2.0/OAI-PMH.xsd"><responseDate>2026-06-07T23:48:00Z</responseDate><request verb="GetRecord" identifier="oai:docta.ucm.es:20.500.14352/63313" metadataPrefix="marc">https://docta.ucm.es/rest/oai/request</request><GetRecord><record><header><identifier>oai:docta.ucm.es:20.500.14352/63313</identifier><datestamp>2023-09-14T15:04:51Z</datestamp><setSpec>com_20.500.14352_14</setSpec><setSpec>col_20.500.14352_22</setSpec></header><metadata><record xmlns="http://www.loc.gov/MARC21/slim" xmlns:dcterms="http://purl.org/dc/terms/" xmlns:xsi="http://www.w3.org/2001/XMLSchema-instance" xmlns:doc="http://www.lyncode.com/xoai" xsi:schemaLocation="http://www.loc.gov/MARC21/slim http://www.loc.gov/standards/marcxml/schema/MARC21slim.xsd">
   <leader>00925njm 22002777a 4500</leader>
   <datafield ind2=" " ind1=" " tag="042">
      <subfield code="a">dc</subfield>
   </datafield>
   <datafield ind2=" " ind1=" " tag="720">
      <subfield code="a">Herranz Tejedor, Inmaculada</subfield>
      <subfield code="e">author</subfield>
   </datafield>
   <datafield ind2=" " ind1=" " tag="260">
      <subfield code="c">2002</subfield>
   </datafield>
   <datafield ind2=" " ind1=" " tag="520">
      <subfield code="a">Esta memoria profundiza en el estudio de los problemas que dan lugar a las tablas 2x2; en particular, esta dedicada a todas aquellas soluciones que impliquen de algún modo el principio condicionado. Esta dividida en dos capítulos: el primero esta dedicado a las soluciones exactas y en el se estudian y comparan las diferentes versiones del test exacto de fisher aparecidas en la literatura. Se presentan tambien algunas aplicaciones de este test (test de raches) y se proponen generalizaciones de los llamados test prendobayewsianos. El segundo capitulo este dedicado a las soluciones asintotices, concretamente al test de x2 del que se comparen les correcciones por continuidad usualmente utilizadas y algunas otras que se propone, estudiándose las condiciones de validez de las mismas</subfield>
   </datafield>
   <datafield ind1="8" ind2=" " tag="024">
      <subfield code="a">978-84-669-0700-2</subfield>
   </datafield>
   <datafield ind1="8" ind2=" " tag="024">
      <subfield code="a">b21677657</subfield>
   </datafield>
   <datafield ind1="8" ind2=" " tag="024">
      <subfield code="a">https://hdl.handle.net/20.500.14352/63313</subfield>
   </datafield>
   <datafield ind2="0" ind1="0" tag="245">
      <subfield code="a">El método condicionado en las tablas 2x2</subfield>
   </datafield>
</record></metadata></record></GetRecord></OAI-PMH>